00510nam a2200157Ia 4500003000900000008004100009040001600050080002000066110003400086245011100120260005600231300000900287650001300296650002400309650001900333IN-BaIIA211028s9999 xx 000 0 eng d cIIA Library a621.389.04bPHI aPhilips Gloeilanapenfabrieken 0aPhillps application bookbpractical circuits with 20 series circuits blockscPhilips Gloeilanapenfabrieken aNetherlandbTechnical Publications Departmentc1968 a36p. aCircuits aElectrical Circuits aNASA Thesaurus